History Quiz

Random History Quiz

Women's Rights/ Mormons Quiz Stats

 Plays Quiz not verified by Sporcle

Challenge
Share
Tweet
Embed
Score 0/12 Timer 05:00
0 Plays Today
Hint Answer % Correct
Utah was declined statehood for decades because of its approval and belief in __________polygamy
60%
Susan B. Anthony mainly fought for women's suffrage
60%
Name the one right that women lacked that they saw as the most important.voting
33.3%
Where did many women meet and discuss the issues for women's rights?seneca falls
20%
Women made small strides in gaining rights by working as __________teachers
20%
Women commonly related themselves to _________slaves
20%
Brigham Young was referred to as ___________ ________ because of his exodus of the mormons from the U.S to the Spanish Utahmormon moses
20%
What other issue did women relate to during this time?abolition
13.3%
The ________ sisters championed women's education and the anti-slavery movementgrimke
6.7%
Women were expected to grow up and become _____________ ______republican mothers
6.7%
The first college to admit blacks and then women was?oberlin college
0%
Teachers taught ______, ________, and ________ in schools readin, writin, and rhythmitic
0%

You're not logged in!

Compare scores with friends on all Sporcle quizzes.
Join for Free
OR
Log In

You Might Also Like...

Show Comments

Extras

Created Oct 30, 2013ReportNominate
Tags:mormon, women

Top Quizzes Today


Score Distribution

Your Account Isn't Verified!

In order to create a playlist on Sporcle, you need to verify the email address you used during registration. Go to your Sporcle Settings to finish the process.

Report this User

Report this user for behavior that violates our Community Guidelines.

Details: